000 00664nam a2200205 i 4500
001 25463
003 ES-MaACL
005 20250722183551.0
007 t|
008 021226s1972 mx af ||||1| spa d
100 1 _aArias de la Canal, Fredo.
_922770
245 1 0 _aIntento de psicoanálisis de Juana Inés /
_cFredo Arias de la Canal.
250 _a1ª ed.
260 _aMéxico :
_bFrente de Afirmación Hispanista,
_c1972.
300 _a129 p., 3 lám. :
_bil. ;
_c22 cm.
600 0 4 _aJuana Inés de la Cruz,
_cSor,
_d1651-1695
_967141
710 2 _aFrente de Afirmación Hispanista, A.C.
_9159234
852 _aES-MaACL
_jE-8586
999 _c25463
_d25463